00472nam a2200193Ia 4500003000900000008004100009040001300050040001300063041000800076100001700084245009300101250001200194260001500206260000900221300001100230300001000241490002100251490000600272IT-RoPAU120407s9999 xx 000 0 und d aIT-RoPAU cIT-RoPAU aita aHerman Bondi aMiti e ipotesi nella teoria fisica. Demistificazione di alcune grandi idee della fisica. aBologna aZanichelli c1972 a102 p. c21 cm aSaggi Zanichelli v9